| 000 | 00812nam a22002177a 4500 | ||
|---|---|---|---|
| 003 | dpl | ||
| 005 | 20240222145009.0 | ||
| 008 | 240220b |||||||| |||| 00| 0 eng d | ||
| 010 | _aHIN-126951 | ||
| 020 |
_a9879393219206 _c400.00 |
||
| 035 | _aHN-99297 | ||
| 037 | _bDBAD/PUB | ||
| 040 | _c0 | ||
| 082 | _a808.88 | ||
| 100 |
_aराठी,सुमन _962287 |
||
| 245 |
_aटुकड़े -टुकड़े संवाद/ _cसुमन राठी |
||
| 260 |
_aदिल्ली _bराइजिंग स्टार्स _c2022 |
||
| 270 |
_a600/5-ए आदर्श मोहल्ला गली न 15मौजपुर _bदिल्ली _e110053 |
||
| 300 |
_a120पृष्ठ; _c22cm (सजिल्द) |
||
| 942 |
_2ddc _cHN _h808.88 _mराठीसु |
||
| 999 |
_c200919 _d200919 |
||